MAASAI MARA UNIVERSITY

LIBRARY CATALOGUE

Contact Us: +254 020 2685356/7 or 0774 057787

Box: 861-20500, NAROK, KENYA

Email: info@mmarau.ac.ke

New perspectives on Microsoft Word 2010 : (Record no. 26059)

MARC details
000 -LEADER
fixed length control field 01464nam a22003617a 4500
003 - CONTROL NUMBER IDENTIFIER
control field OSt
005 - DATE AND TIME OF LATEST TRANSACTION
control field 20220530041456.0
008 - FIXED-LENGTH DATA ELEMENTS--GENERAL INFORMATION
fixed length control field 170327b xxu||||| |||| 00| 0 eng d
010 ## - LIBRARY OF CONGRESS CONTROL NUMBER
LC control number 2010935967
020 ## - INTERNATIONAL STANDARD BOOK NUMBER
International Standard Book Number 9780538748964
040 ## - CATALOGING SOURCE
Original cataloging agency MMU
Language of cataloging eng.
Transcribing agency MMU
Modifying agency MMU
042 ## - AUTHENTICATION CODE
Authentication code pcc
050 00 - LIBRARY OF CONGRESS CALL NUMBER
Classification number Z52.5.M52
Item number Z56 2011
100 1# - MAIN ENTRY--PERSONAL NAME
Personal name Zimmerman, S. Scott,
Dates associated with a name 1945-
245 10 - TITLE STATEMENT
Title New perspectives on Microsoft Word 2010 :
Remainder of title comprehensive /
Statement of responsibility, etc. S. Scott Zimmerman, Brigham Young University ; Beverly B. Zimmerman, Brigham Young University ; Ann Shaffer, Katherine T. Pinard.
246 30 - VARYING FORM OF TITLE
Title proper/short title Microsoft Word 2010
246 30 - VARYING FORM OF TITLE
Title proper/short title Word 2010
264 #1 - PRODUCTION, PUBLICATION, DISTRIBUTION, MANUFACTURE, AND COPYRIGHT NOTICE
Place of production, publication, distribution, manufacture Boston, MA, USA :
Name of producer, publisher, distributor, manufacturer Course Technology, Cengage Learning,
Date of production, publication, distribution, manufacture, or copyright notice [2011]
300 ## - PHYSICAL DESCRIPTION
Extent 1 volume (various pagings) :
Other physical details color illustrations ;
Dimensions 28 cm.
336 ## - CONTENT TYPE
Content type term text
Source rdacontent
337 ## - MEDIA TYPE
Media type term unmediated
Source rdamedia
338 ## - CARRIER TYPE
Carrier type term volume
Source rdacarrier
490 0# - SERIES STATEMENT
Series statement New perspectives series
500 ## - GENERAL NOTE
General note Includes index.
500 ## - GENERAL NOTE
General note "Microsoft Office Specialist approved courseware"--Cover.
505 0# - FORMATTED CONTENTS NOTE
Formatted contents note File management. Managing your files -- Office. Getting started with Microsoft Office 2010 -- Word. Level I tutorials ; Level II tutorials ; Level III tutorials.
630 00 - SUBJECT ADDED ENTRY--UNIFORM TITLE
Uniform title Microsoft Word
General subdivision Examinations
Form subdivision Study guides.
650 #0 - SUBJECT ADDED ENTRY--TOPICAL TERM
Topical term or geographic name as entry element Word processing
General subdivision Examinations
Form subdivision Study guides.
700 1# - ADDED ENTRY--PERSONAL NAME
Personal name Zimmerman, Beverly B.,
Dates associated with a name 1945-
700 1# - ADDED ENTRY--PERSONAL NAME
Personal name Shaffer, Ann.
700 1# - ADDED ENTRY--PERSONAL NAME
Personal name Pinard, Katherine.
942 ## - ADDED ENTRY ELEMENTS (KOHA)
Source of classification or shelving scheme Library of Congress Classification
Koha item type L
Holdings
Withdrawn status Lost status Source of classification or shelving scheme Damaged status Not for loan Home library Current library Date acquired Source of acquisition Total Checkouts Full call number Barcode Date last seen Price effective from Koha item type
    Library of Congress Classification     Maasai Mara University Library -Main Campus Maasai Mara University Library -Main Campus 03/27/2017 Donation-T4C   Z52.5.M52Z56 2011 17029493 03/27/2017 03/27/2017 L
© 2016 Maasai Mara University.